| 000 | 00601nam a2200217Ia 4500 | ||
|---|---|---|---|
| 003 | GCL | ||
| 008 | 140319s9999 xx 000 0 eng d | ||
| 020 | _a1857152069 | ||
| 040 |
_aGCL / _cGCL |
||
| 082 | 0 | 4 |
_a813 _bS U |
| 100 | 1 | _aSTOWE, HARRIET BEECHER | |
| 245 | 1 | 0 |
_aUNCLE'S TOM'S CABIN / _cSTOWE, HARRIET BEECHER |
| 700 | 1 | _aKAZIN, ALFERD | |
| 260 |
_aانجلترا : _bEVERYMAN'S LIBRARY ، _c1995 |
||
| 300 |
_a21 CM ؛ _cXXIX, 494 P |
||
| 490 |
_aTHE MILLENNIUM LIBRARY _v206 |
||
| 650 | 0 | 4 | _aLITERATURE |
| 650 | 0 | 4 | _aAMERICAN FICTION |
| 650 | 0 | 4 | _aAMERICAN LITERATURE |
| 942 |
_2ddc _cBK |
||
| 999 |
_c6166 _d6166 |
||